01146nam a2200193Ia 4500001000900000003001000009008004100019040002500060041001300085100002500098245004800123250001100171260006000182300002700242500026400269501011400533520026400647650004100911L149-996IT-CnALBA170116s9999||||xx |||||||||||||| ||und|| aIT-CnALBAcIT-CnALBA aITALIANO aBERGHIN-ROSÈ GUIDO 0aELEMENTI DI FILOSOFIA VOL. III COSMOLOGIA.  a1a ed. a TORINO - ROMAbMARIETTI EDITORE c1960 [1° Ed.: n.d.] a240 p. (prefazione: 6) aCOSMOLOGIA. FILOSOFIA DELLA NATURA. PROPRIETÀ DEI CORPI. ESTENSIONE LUOGO COLLOCAZIONE SPAZIO QUALITÀ ENERGIE PASSIONE AZIONE MOTO TEMPO. TEORIA DELLA RELATIVITA'. SOSTANZA DEI CORPI. ILMORFISMO. ILEMORFISMO E COMPOSTI ORGANICI. TERIA ATOMICA ATOMO ATOMIS aSocietà San Paolo EM - Piazza San Paolo, 14 - 12051 ALBA (CN) (non commercial uses only) ® Copyright 2017 aCOSMOLOGIA. FILOSOFIA DELLA NATURA. PROPRIETÀ DEI CORPI. ESTENSIONE LUOGO COLLOCAZIONE SPAZIO QUALITÀ ENERGIE PASSIONE AZIONE MOTO TEMPO. TEORIA DELLA RELATIVITA'. SOSTANZA DEI CORPI. ILMORFISMO. ILEMORFISMO E COMPOSTI ORGANICI. TERIA ATOMICA ATOMO ATOMIS aALTRI SISTEMI E DOTTRINE FILOSOFICHE